Statistiques concernant Les meilleures nations du sport

Cliquez ici pour prendre le quiz!

Statistiques générales

  • Ce quiz a été pris 223 fois
  • Le résultat moyen est 46 sur 60

Statistiques - réponses

Nombre de points obtenus en 2022Pays% Correct
4040France
100%
3223France
100%
653France
100%
6137États-Unis
98%
1018États-Unis
98%
7329États-Unis
98%
2404Espagne
96%
2822Chine
95%
3173Chine
95%
2372Japon
94%
4433Japon
94%
2920Allemagne
93%
2311Allemagne
93%
709Allemagne
93%
2766Royaume-Uni
93%
2831Royaume-Uni
93%
419Canada
91%
2280Canada
91%
2710Canada
91%
2502Italie
91%
3194Italie
91%
534Italie
91%
556Russie
91%
10023Australie
84%
2463Australie
84%
59761Australie
84%
2254Australie
84%
7985Pays-Bas
79%
463Pays-Bas
79%
37071Pays-Bas
79%
1661Pays-Bas
79%
62617Suède
78%
4969Suède
78%
7738Suède
78%
6698Norvège
77%
3048Norvège
77%
3635Norvège
77%
788Norvège
77%
6931Suisse
74%
5428Suisse
74%
558Suisse
74%
15141Suisse
74%
8821Finlande
71%
5216Danemark
66%
6200Nouvelle-Zélande
60%
6671Nouvelle-Zélande
60%
21450Nouvelle-Zélande
60%
20101Autriche
59%
438Autriche
59%
5326Croatie
59%
10274Serbie
54%
6520Serbie
54%
7221Hongrie
53%
17508Slovénie
47%
5480Slovénie
47%
2775Slovénie
47%
70587République tchèque
44%
7939Jamaïque
43%
37202Lettonie
32%
6281Géorgie
8%

Distribution des résultats

Percentile par nombre de réponses

% des personnes avec chaque résultat

Votre développement - résultats

Vous n’avez pas pris ce quiz